000 00355nam a2200145Ia 4500
008 230917s9999||||xx |||||||||||||| ||und||
040 _e11228
_aMAIN
041 _aEnglish
082 _a519.5 G643F
100 _aGoon, A M
245 0 _aFundamentals of statistics. V1
260 _aCalcutta
_bWorld Press
_c1993
300 _axiii, 644 p.
942 _cOB
999 _c232632
_d232632